000 00277nam a2200109Ia 4500
008 190216s9999||||xx |||||||||||||| ||und||
100 _aMithal G K
245 0 _aGate Electronics And Communication Engineering
260 _bG K Publishers
_c1997
300 _a1000p
942 _cREF
999 _c36341
_d36341